Statistics for Counties with Mountains above 6,000 feet east of the Mississippi

Click here to take the quiz!

General Stats

  • This quiz has been taken 8 times
  • The average score is 30 of 43

Answer Stats

HintAnswerMountain% Correct
NCBuncombeCraggy Dome
100%
NCHaywoodShining Rock
75%
NCHaywoodCold Mountain
75%
NCHaywoodMount Guyot
75%
NCHaywoodGrassy Cove Top
75%
NCHaywoodSam Knob
75%
NCHaywoodPlott Balsam Mountain
75%
NCHaywoodBig Catahoochee Mountain
75%
NCHaywoodOld Black
75%
NCHaywoodBlack Balsam Knob
75%
NCHaywood / JacksonMount Lyn Lowry
75%
NCHaywood / JacksonWaterrock Knob
75%
NCHaywood / JacksonReinhart Knob
75%
NCHaywood / JacksonMount Hardy
75%
NCHaywood / JacksonRichland Balsam
75%
NCHaywood / SwainLuftee Knob
75%
NCHaywood / TransylvaniaChestnut Bald
75%
NCMitchellRoan High Knob
75%
NCMitchell / AveryGrassy Ridge Bald
75%
NCSwainClingman's Dome
75%
NCSwainMount Seqouyah
75%
NCSwainMt Kephart
75%
NCSwainMt Collins
75%
NCSwainMt Chapman
75%
NCSwain / HaywoodMarks Knob
75%
NCSwain / HaywoodMt Yonaguska
75%
NCYanceyBalsam Cone
75%
NCYanceyCattail Peak
75%
NCYanceyMount Gibbes
75%
NCYanceyBlackstock Knob
75%
NCYanceyMt. Craig
75%
NCYanceyCelo Knob
75%
NCYanceyMt. Mitchell
75%
NCJacksonYellow Face
50%
TNSevierMt Chapman
50%
TNSevierMt Collins
50%
TNSevierMount Le Conte
50%
TNSevierMt Kephart
50%
TNSevierMount Guyot
50%
TNSevierClingman's Dome
50%
TNSevier / CockeOld Black
50%
TNCarterRoan High Knob
25%
NHCoosMt. Washington
25%

Score Distribution

Percentile by Number Answered

Percent of People with Each Score

Your Score History

You have not taken this quiz